Polskie rzeki na 4 litery. - Statystyki

Ogólne statystyki
  • Ten quiz został rozwiązany 128 razy
  • Średni wynik to 5 z 11
Statystyki odpowiedzi
Długość Rzeka % Poprawnych
742 km Odra
95%
238 km Brda
65%
249 km Wkra
62%
270 km Bóbr
54%
151 km Nida
41%
190 km Łyna
40%
164 km Obra
36%
132 km Raba
34%
168 km Rega
31%
145 km Gwda
28%
157 km Lega
2%
Nie znaleziono quizów pasujących do podanych kryteriów
Rozkład punktacji
Procent ludzi z każdym wynikiem
Percentyl według liczby udzielonych odpowiedzi
Twoja historia wyników
Nie rozwiązałeś tego quizu